Psychology and work today: An introduction to industrial and organizational Psychology. Ed.8. (Record no. 107446)

MARC details
000 -LEADER
fixed length control field 00526nam a2200169Ia 4500
008 - FIXED-LENGTH DATA ELEMENTS--GENERAL INFORMATION
fixed length control field 210210b2004 xxu||||| |||| 00| 0 eng d
020 ## - INTERNATIONAL STANDARD BOOK NUMBER
International Standard Book Number 81 297 0288 6
082 ## - DEWEY DECIMAL CLASSIFICATION NUMBER
Classification number 158.7 SCHP
100 ## - MAIN ENTRY--PERSONAL NAME
Personal name SCHULTZ (Duane P) and SCHULTZ (Sydney Ellen).
245 ## - TITLE STATEMENT
Title Psychology and work today: An introduction to industrial and organizational Psychology. Ed.8.
250 ## - EDITION STATEMENT
Edition statement
260 ## - PUBLICATION, DISTRIBUTION, ETC.
Place of publication, distribution, etc. N D
Name of publisher, distributor, etc. Pearson Education.
Date of publication, distribution, etc. 2004
300 ## - PHYSICAL DESCRIPTION
Extent xviii,504
650 ## - SUBJECT ADDED ENTRY--TOPICAL TERM
Topical term or geographic name entry element Industrial Psychology
690 ## - LOCAL SUBJECT ADDED ENTRY--TOPICAL TERM (OCLC, RLIN)
Topical term or geographic name as entry element Industrial Psychology
906 ## - LOCAL DATA ELEMENT F, LDF (RLIN)
a 060487
Holdings
Withdrawn status Lost status Damaged status Not for loan Collection code Home library Current library Shelving location Date acquired Source of acquisition Cost, normal purchase price Total Checkouts Total Renewals Full call number Barcode Date last seen Date last checked out Price effective from Koha item type
          St Aloysius Library St Aloysius Library   02/17/2021 Higginbothams (P) Ltd., Mangalore 01. 275.00 15 3 158.7 SCHP 060487 01/31/2026 01/30/2026 02/17/2021 Book